header

Guided imagery (Record no. 129675)

MARC details
000 -LEADER
fixed length control field 01329nam a2200337 a 4500
082 04 - DEWEY DECIMAL CLASSIFICATION NUMBER
Classification number 616.8914
245 00 - TITLE STATEMENT
Title Guided imagery
260 ## - PUBLICATION, DISTRIBUTION, ETC. (IMPRINT)
Place of publication London ;
-- Thousand Oaks, Calif. :
Name of publisher SAGE,
Year of publication 2006.
300 ## - PHYSICAL DESCRIPTION
Number of Pages viii, 137 p. :
Other physical details ill.
650 #0 - SUBJECT ADDED ENTRY--TOPICAL TERM
Topical Term Imagery (Psychology)
Topical Term Mind and body therapies.
Topical Term Visualization
Topical Term Imagery (Psychotherapy)
700 1# - ADDED ENTRY--PERSONAL NAME
Personal name Hall, Eric,
856 40 - ELECTRONIC LOCATION AND ACCESS
Uniform Resource Identifier http://site.ebrary.com/lib/rucke/Doc?id=10218313

No items available.

© 2026 Rongo University
Contact us: librarian | system librarian | Rongo university